000 00361nam a2200109Ia 4500
008 220615s9999||||xx |||||||||||||| ||und||
245 0 _aGlobal View of HIV Infection
546 _aEnglish[eng]
650 _aInfectious & contagious diseases
700 _aVenketaraman, Vishwanath
856 _uhttps://mts.intechopen.com/storage/books/633/authors_book/authors_book.pdf
999 _c8252
_d8252